Countries Larger than Texas - Sudden Death - Statistics

General Stats
  • This quiz has been taken 148,957 times
  • The average score is 9 of 25
Answers on the Grid
Answers color-coded by a green-red scale on the quiz's grid according to % correct below.
Angola
Argentina
Australia
Belize
Bhutan
Bolivia
Brazil
Bulgaria
Cambodia
Chad
Chile
Cuba
Egypt
Ethiopia
France
Greece
Guyana
Hungary
India
Indonesia
Iran
Iraq
Japan
Kazakhstan
Kenya
Libya
Mexico
Mongolia
Namibia
New Zealand
Nigeria
North Korea
Norway
Oman
Pakistan
Poland
Russia
Saudi Arabia
Senegal
South Africa
Spain
Sudan
Sweden
Thailand
Togo
Tunisia
Turkey
Vanuatu
Venezuela
Vietnam
 
Answer Stats
Answer % Correct
Australia
84%
Argentina
76%
Brazil
76%
Angola
47%
Russia
44%
Chad
41%
India
41%
Egypt
40%
Kazakhstan
40%
Mexico
40%
Iran
35%
Mongolia
35%
Saudi Arabia
35%
Ethiopia
34%
Indonesia
33%
Bolivia
28%
South Africa
26%
Libya
24%
Turkey
23%
Sudan
22%
Pakistan
21%
Nigeria
20%
Chile
17%
Namibia
15%
Venezuela
15%
No matching quizzes found
Score Distribution
Percent of People with Each Score
Percentile by Number Answered
Your Score History
You have not taken this quiz